| 000 | 00712aam a2200241 4500 | ||
|---|---|---|---|
| 999 |
_c33350 _d33350 |
||
| 001 | 2531 | ||
| 003 | CO-MdFUSB | ||
| 005 | 20171110092044.0 | ||
| 008 | 170407t19701981xxu||||| |||| 00| 0 eng d | ||
| 020 | _a0-310-25390-X | ||
| 040 |
_aCO-MdFUSB _bspa _cCO-MdFUSB _dCO-MdFUSB _erda |
||
| 041 | 0 | _aeng | |
| 082 | 0 | 4 | _aG 225.61 G9758s |
| 100 | 1 |
_aGundry, Robert H. (Horton) _eautor |
|
| 245 | 0 | 2 |
_aA survey of the New Testament _c/ Robert H. Gundry |
| 264 | 4 |
_aGrand Rapids, MI., USA: _b Zondervan, _c© 19701981 |
|
| 300 | _aXVI, 400 Pag | ||
| 336 |
_2rdacontent _atexto _btxt |
||
| 337 |
_2rdamedia _asin mediación _bn |
||
| 338 |
_2rdacarrier _avolumen _bnc |
||
| 630 | 0 | 7 |
_aBiblia. _pNuevo Testamento |
| 942 | _cBK | ||